000 00731nam a2200265Ia 4500
005 20260302114821.0
008 008 260114s9999 xx 000 0 eng d
020 _a9781350215078
037 _aTextbook
040 _aCRL
040 _beng
040 _cCRL
041 _2eng
041 _aeng
084 _qCRL
100 _aMatthew Feldman, Anna Svendsen and Erik Tonning
_91119850
245 0 _aHistoricizing Modernists Approaches to ‘Archivalism’
260 _bBloomsbury
260 _bBloomsbury Academic
260 _c2021
650 _aLiterary Studies
856 _uhttps://doi.org/10.5040/9781350215078?locatt=label:secondary_bloomsburyCollections
942 _cEBOOK
999 _c1683939
_d1683939